Review questions 2 for Ateneo, De La Salle, UST, UA&P, U.P and other college entrance tests / (Record no. 118422)
[ view plain ]
| 000 -LEADER | |
|---|---|
| fixed length control field | 00519nam a2200145Ia 4500 |
| 008 - FIXED-LENGTH DATA ELEMENTS--GENERAL INFORMATION | |
| fixed length control field | 140611s9999 xx 000 0 und d |
| 020 ## - INTERNATIONAL STANDARD BOOK NUMBER | |
| International Standard Book Number | 9789718740323 |
| 050 ## - LIBRARY OF CONGRESS CALL NUMBER | |
| Classification number | LB 2353.26.P6 |
| Item number | .Al44 2014 |
| 100 ## - MAIN ENTRY--PERSONAL NAME | |
| Personal name | Alfarez, Merle S. |
| 245 ## - TITLE STATEMENT | |
| Title | Review questions 2 for Ateneo, De La Salle, UST, UA&P, U.P and other college entrance tests / |
| Statement of responsibility, etc | Merle S Alfarez. |
| 260 ## - PUBLICATION, DISTRIBUTION, ETC. (IMPRINT) | |
| Place of publication, distribution, etc | Quezon City, Philippines : |
| Name of publisher, distributor, etc | MSA Publishing House, |
| Date of publication, distribution, etc | c2014. |
| 300 ## - PHYSICAL DESCRIPTION | |
| Extent | 45 p. : |
| Other physical details | ill. ; |
| Dimensions | 22 cm. |
| 650 ## - SUBJECT ADDED ENTRY--TOPICAL TERM | |
| Topical term or geographic name as entry element | Examinations |
| General subdivision | Reviewer |
| Withdrawn status | Lost status | Damaged status | Home library | Current library | Shelving location | Date acquired | Cost, normal purchase price | Total Checkouts | Full call number | Barcode | Date last seen | Price effective from | Koha item type |
|---|---|---|---|---|---|---|---|---|---|---|---|---|---|
| Luxembourg Library | Luxembourg Library | Teachers Reference Section | 06/11/2014 | 385.00 | LB 2353.26.P6 .Al44 2014 | 19768 | 08/14/2015 | 06/11/2014 | Books |